000 00680nam a2200265Ia 4500
003 OSt
005 20221007101926.0
006 a|||||r|||| 00| 0
007 ta
008 221006b |||||||| |||| 00| 0 eng d
020 _a8171771394
024 _a8,873
037 _cTextual
040 _aLCO
_cLCO
_beng
041 _2eng
_aeng
082 _aZ2,2674, P2
100 _aNARAYANAN P
245 0 _aLaw of Copy Right & Industrial Design
250 _a3rd
260 _aNew
_bDelhi Eastern Law House India
_c2002
300 _a1051
650 _aINDUSTRIAL DESIGN
_9704027
942 _hZ2,2674, P2
_cTEXL
999 _c1178436
_d1178436